Islands of the Cook Islands - Statistics

General Stats
  • This quiz has been taken 108 times
  • The average score is 8 of 15
Answer Stats
Hint Answer % Correct
12. Rarotonga
76%
1. Aitutaki
71%
3. Mangaia
71%
10. Penrhyn
71%
2. Atiu
67%
13. Pukapuka
62%
11. Rakahanga
62%
4. Manihiki
57%
6. Mauke
57%
7. Mitiaro
52%
8. Nassau
52%
9. Palmerston
52%
14. Suwarrow
38%
5. Manuae
19%
15. Takutea
10%
No matching quizzes found
Score Distribution
Percent of People with Each Score
Percentile by Number Answered
Your Score History
You have not taken this quiz